000 00833nam a22002297a 4500
005 20240530110451.0
008 150514s2011 ua ao g b 000 0 ara d
017 _a2011/2706
_bمصر . دار الكتب المصرية
020 _a9789774311526
040 _aEG-CaGPL
082 0 4 _221
_a155.4\
_bم ت
100 0 _aمجدى النعمانى
245 1 2 _aالتربية و الصحة النفسية /
_cمجدى النعمانى
250 _aط1
260 _aالقاهرة :
_bمؤسسة طيبة للنشر و التوزيع ،
_c2011 .
300 _a216 ص :
_bصور ؛
_c24 سم .
504 _aيشتمل على ارجاعات ببليوجرافية
650 0 4 _aالاطفال
_xعلم النفس
650 0 4 _aعلم النفس
_xتربية
942 _2ddc
_cBK
999 _c61263
_d61263